| 000 | 02260cam a2200313 4500500 | ||
|---|---|---|---|
| 005 | 20251228060115.0 | ||
| 041 | _afre | ||
| 042 | _adc | ||
| 100 | 1 | 0 |
_aRichard, Philippe _eauthor |
| 700 | 1 | 0 |
_aMaître, Mélanie _eauthor |
| 245 | 0 | 0 | _aLes demandes urgentes de soins psychiques dans la prise en charge des adolescents |
| 260 | _c2005. | ||
| 500 | _a56 | ||
| 520 | _aRésumé Les situations d’urgence, de « crise », à l’adolescence, tendent à plonger les adultes entourant l’adolescent (parents, professeurs, éducateurs, médecins...) dans un climat très particulier fait à la fois de confusion, d’inquiétude et d’excitation qui s’avère extrêmement contagieux et qui donne le sentiment d’être « empêché de penser ». Une attitude thérapeutique consistera à résister à la « tentation d’agir », en se mettant en mesure de se décentrer, et de contenir les projections archaïques d’angoisse. Ceci afin de pouvoir reconstruire un espace pour penser où quelque chose de l’ordre du soin puisse commencer à s’inscrire. | ||
| 520 | _aSummary During the adolescence period, the emergency crisis situations, leads adults living with teenagers (parents, teachers, educators, patricians..) towards a very peculiar atmosphere made out of a mixture of confusion, anxiety and excitement This situation is truly very contagious and drives to the feeling of being unable to think. Putting oneself in a position of standing off the centre, and holding back the archaic projections of anxiety, a therapeutic attitude will consist in resisting the “temptation of action”. This is all meant to rebuild a new “environment to think” where something related to a treatment can start. | ||
| 690 | _aadolescent | ||
| 690 | _aangoisse | ||
| 690 | _acontenir | ||
| 690 | _adifférer | ||
| 690 | _adiffracter | ||
| 690 | _aurgence | ||
| 690 | _aadolescence | ||
| 690 | _aemergency crisis | ||
| 690 | _ato hold back | ||
| 690 | _ato rebuild a new environment to think | ||
| 690 | _ato stand off the center position | ||
| 786 | 0 | _nEnfances & Psy | 30 | 1 | 2005-12-01 | p. 38-42 | 1286-5559 | |
| 856 | 4 | 1 | _uhttps://shs.cairn.info/revue-enfances-et-psy-2006-1-page-38?lang=fr&redirect-ssocas=7080 |
| 999 |
_c1586986 _d1586986 |
||